000 00562nam a2200217 a 4500
001 0001-2144
003 ELIB.Books
008 190725 2010 eng
020 _aKBTS
092 _a268
_bBa
100 _aBarnette, J.N.
245 _aOne to Eight
260 _aNashville
_bThe Sunday School Board of the Southern Baptist Convention
_c1954
300 _a127
_c19cm
650 _aTheology
856 _nKBTS Library
_uKBTS Elib
942 _2ddc
_cBK
990 _a1
998 _aEnglishbooks.elf
_ccat
_e2019-07-25
999 _c12144
_d12144